000 00829nam a2200229 i 4500
001 C2-0308555
003 PPAK
005 20180728095423.0
008 110508s my a|||| ||||| | may d
040 _aPPAK
_beng
_cPPAK
_erda
082 0 4 _a923.2595112
_223
090 0 0 _a923.2595112
_bMEN
_dKK
245 0 0 _aMenteri Besar Kedah Darul Aman:
_bsenarai menteri besar Kedah
264 1 _aAlor Setar, Kedah :
_bBahagian Koleksi Kedah, Perbadanan Perpustakaan Awam Kedah ,
_c[date of publication not identified]
300 _a[16 pages] :
_billustrations ;
_c30 cm
336 _2rdacontent
_atext
337 _2rdamedia
_aunmediated
338 _2rdacarrier
_avolume
500 _aArtikel - Biodata Menteri Besar Kedah
650 1 0 _aPoliticians - Biography - Kedah. ; Heads of government - Biography - Kedah.
942 _ddc
_cB
999 _c111158
_d111158